[Event "HUN-chT1 Charousek 2324"]
[Site "Hungary"]
[Date "2024.03.03"]
[Round "7.4"]
[White "Csidey, Csongor"]
[Black "Pogany, Zsombor"]
[Result "0-1"]
[WhiteElo "2055"]
[BlackElo "2204"]
[PlyCount "62"]
[EventDate "2023.10.08"]
[EventType "team-tourn"]
[EventRounds "11"]
[EventCountry "HUN"]
[SourceTitle "EXT 2025"]
[Source "ChessBase"]
[SourceDate "2024.10.14"]
[SourceVersion "1"]
[SourceVersionDate "2024.10.14"]
[SourceQuality "1"]
[WhiteTeam "Gyor Szechenyi"]
[BlackTeam "Csuti Hydro"]
[WhiteTeamCountry "HUN"]
[BlackTeamCountry "HUN"]

1. e4 c6 2. d4 d5 3. e5 Bf5 4. h4 h5 5. Bd3 Bxd3 6. Qxd3 e6 7. Bg5 Qb6 8. Nd2 c5 9. c4 Qxb2 10. Rd1 Nc6 11. cxd5 Qxd4 12. Qb3 Qxe5+ 13. Ne2 Nd4 14. Qd3 Qxe2+ 15. Qxe2 Nxe2 16. Kxe2 exd5 17. Nb3 f6 18. Bf4 0-0-0 19. Kf3 b6 20. Rhe1 Ne7 21. Re6 d4 22. Rc1 Kd7 23. Re4 Nc6 24. Nd2 Bd6 25. Rce1 Bxf4 26. Kxf4 Rhe8 27. f3 Rxe4+ 28. Nxe4 Re8 29. g4 Ne5 30. Rg1 hxg4 31. fxg4 Ng6+ 0-1

[Event "HUN-chT2 Szechenyi 2223"]
[Site "Hungary"]
[Date "2023.04.23"]
[Round "9.2"]
[White "Domonkos, Daniel"]
[Black "Csidey, Csongor"]
[Result "1-0"]
[WhiteElo "1965"]
[BlackElo "2085"]
[PlyCount "69"]
[EventDate "2022.11.20"]
[EventType "team-tourn"]
[EventRounds "9"]
[EventCountry "HUN"]
[SourceTitle "EXT 2025"]
[Source "ChessBase"]
[SourceDate "2024.10.14"]
[SourceVersion "1"]
[SourceVersionDate "2024.10.14"]
[SourceQuality "1"]
[WhiteTeam "Ezust Huszar"]
[BlackTeam "Szechenyi ESE"]
[WhiteTeamCountry "HUN"]
[BlackTeamCountry "HUN"]

1. d4 Nf6 2. c4 c5 3. e3 cxd4 4. exd4 e6 5. Nf3 b6 6. Nc3 Bb7 7. g3 Bb4 8. Bd2 Nc6 9. Nb5 a6 10. Bxb4 axb5 11. Bc3 b4 12. Bd2 Nxd4 13. Bg2 Bxf3 14. Bxf3 b3 15. 0-0 Ra4 16. Bc3 Nxf3+ 17. Qxf3 Rxc4 18. Bxf6 Qxf6 19. Qxb3 Qd4 20. Rac1 Rb4 21. Rfd1 Qg4 22. f3 Rxb3 23. fxg4 Rxb2 24. Rc8+ Ke7 25. Rxh8 d5 26. Rb8 Rxa2 27. Rxb6 Ra7 28. g5 Rd7 29. Rdb1 e5 30. Rb7 Rxb7 31. Rxb7+ Ke6 32. Kf2 d4 33. Kf3 f5 34. Rxg7 e4+ 35. Ke2 1-0

[Event "HUN-ch U20"]
[Site "Budapest"]
[Date "2023.02.25"]
[Round "7"]
[White "Csidey, Csongor"]
[Black "Matyassy, Lazar"]
[Result "0-1"]
[WhiteElo "2097"]
[BlackElo "2299"]
[PlyCount "100"]
[EventDate "2023.02.20"]
[EventType "swiss"]
[EventRounds "7"]
[EventCountry "HUN"]
[SourceTitle "CBM 212 Extra"]
[Source "ChessBase"]
[SourceDate "2023.03.31"]
[SourceVersion "1"]
[SourceVersionDate "2023.03.31"]
[SourceQuality "1"]

1. e4 c5 2. c3 g6 3. d4 cxd4 4. cxd4 d5 5. e5 Bg7 6. Nf3 Nh6 7. h3 0-0 8. Nc3 Nc6 9. Qb3 Nf5 10. Be3 e6 11. Bd3 Nxe3 12. fxe3 Qe7 13. h4 Bh6 14. Ke2 Nb4 15. g4 Nxd3 16. Kxd3 b5 17. g5 Bg7 18. Rag1 Ba6 19. Kd2 Rfc8 20. h5 Rc4 21. hxg6 fxg6 22. Ne2 Qc7 23. Nf4 Rc8 24. Nd3 Rc2+ 25. Ke1 Bf8 26. Nd2 Qa5 27. Rh2 Rc1+ 28. Nxc1 Rxc1+ 29. Kf2 Qxd2+ 30. Kf3 Qxh2 31. Rxc1 b4 32. Qd1 Qh3+ 33. Kf2 Qh4+ 34. Kf3 Qxg5 35. Qc2 Qh5+ 36. Kg3 Be7 37. Qh2 Qxh2+ 38. Kxh2 Bc4 39. b3 Bd3 40. Kg3 a6 41. Kf3 Kf7 42. Rc7 Bb1 43. Ra7 Bxa2 44. Rxa6 Bxb3 45. e4 dxe4+ 46. Kxe4 Bd5+ 47. Kf4 b3 48. Rb6 h5 49. Rb5 g5+ 50. Kg3 Ba3 0-1

[Event "HUN-ch U20"]
[Site "Budapest"]
[Date "2023.02.22"]
[Round "4"]
[White "Virag, Balint"]
[Black "Csidey, Csongor"]
[Result "0-1"]
[WhiteElo "2167"]
[BlackElo "2097"]
[PlyCount "86"]
[EventDate "2023.02.20"]
[EventType "swiss"]
[EventRounds "7"]
[EventCountry "HUN"]
[SourceTitle "CBM 212 Extra"]
[Source "ChessBase"]
[SourceDate "2023.03.31"]
[SourceVersion "1"]
[SourceVersionDate "2023.03.31"]
[SourceQuality "1"]

1. e4 c5 2. Nf3 e6 3. d4 cxd4 4. Nxd4 Nf6 5. Nc3 Nc6 6. Bg5 Be7 7. Nxc6 bxc6 8. e5 Nd5 9. Bxe7 Qxe7 10. Qd4 f6 11. f4 fxe5 12. Qxe5 Nxc3 13. Qxc3 Qf6 14. Qxf6 gxf6 15. f5 e5 16. g4 d5 17. Bg2 Rb8 18. 0-0-0 Rb4 19. h3 Rf4 20. Rhf1 Rxf1 21. Bxf1 Ke7 22. c4 Kd6 23. cxd5 cxd5 24. Kd2 Bb7 25. Rc1 Rc8 26. Rxc8 Bxc8 27. b4 e4 28. a4 d4 29. a5 h6 30. Bc4 Ke5 31. b5 Bb7 32. a6 e3+ 33. Ke2 Bg2 34. h4 Kf4 35. g5 hxg5 36. hxg5 Kxg5 37. Bd3 Bd5 38. Ke1 Kf4 39. Kd1 Ke5 40. Ke2 Kd6 41. Ke1 Kc5 42. Ke2 Kb6 43. Ke1 Bf7 0-1

[Event "HUN-chT2 Szechenyi 2223"]
[Site "Hungary"]
[Date "2023.02.12"]
[Round "5.2"]
[White "Heiligermann, Gabor"]
[Black "Csidey, Csongor"]
[Result "0-1"]
[WhiteElo "1958"]
[BlackElo "2097"]
[PlyCount "132"]
[EventDate "2022.11.20"]
[EventType "team-tourn"]
[EventRounds "9"]
[EventCountry "HUN"]
[SourceTitle "EXT 2025"]
[Source "ChessBase"]
[SourceDate "2024.10.14"]
[SourceVersion "1"]
[SourceVersionDate "2024.10.14"]
[SourceQuality "1"]
[WhiteTeam "Tapolca VSE II"]
[BlackTeam "Szechenyi ESE"]
[WhiteTeamCountry "HUN"]
[BlackTeamCountry "HUN"]

1. c4 c5 2. Nc3 Nc6 3. g3 g6 4. Bg2 Bg7 5. e3 e5 6. Nge2 Nge7 7. 0-0 0-0 8. Nd5 d6 9. Rb1 Nxd5 10. cxd5 Ne7 11. b4 b6 12. bxc5 bxc5 13. d4 exd4 14. exd4 Bf5 15. Rb7 c4 16. Re1 Nc8 17. Nf4 Nb6 18. Rbe7 Bf6 19. R7e3 Rc8 20. Bb2 Rc7 21. h4 Qc8 22. Bc3 Qd7 23. Kh2 Rb8 24. Bf3 Na4 25. Qd2 Qb5 26. g4 Bd7 27. g5 Bg7 28. Rc1 Nxc3 29. Rexc3 Bf5 30. Be2 Qb2 31. Qxb2 Rxb2 32. Rxc4 Rxc4 33. Rxc4 Rd2 34. Kg3 Bxd4 35. Bg4 Bxf2+ 36. Kf3 Bxg4+ 37. Kxg4 Bc5 38. a3 Ra2 39. Nd3 Rxa3 40. Nxc5 dxc5 41. Rxc5 Ra4+ 42. Kg3 Rd4 43. Ra5 Kg7 44. Kf3 Rxh4 45. Rxa7 Rd4 46. Ra5 h6 47. Ke3 Rd1 48. gxh6+ Kxh6 49. Ke2 Rb1 50. d6 Rb8 51. Ke3 Rd8 52. Ra6 f5 53. Kf4 Re8 54. Ra4 Kg7 55. Rd4 Kf6 56. d7 g5+ 57. Kf3 Rd8 58. Rd6+ Ke5 59. Rd1 Ke6 60. Rg1 g4+ 61. Kf4 Rxd7 62. Ra1 Rd4+ 63. Kg5 g3 64. Ra6+ Ke5 65. Ra5+ Ke4 66. Ra2 Kf3 0-1

[Event "SVK-chT1W 2223"]
[Site "Slovakia"]
[Date "2023.01.14"]
[Round "7.4"]
[White "Csidey, Csongor"]
[Black "Travenec, Igor"]
[Result "1/2-1/2"]
[WhiteElo "2129"]
[BlackElo "2124"]
[PlyCount "41"]
[EventDate "2022.10.15"]
[EventType "team-tourn"]
[EventRounds "11"]
[EventCountry "SVK"]
[SourceTitle "EXT 2024"]
[Source "ChessBase"]
[SourceDate "2023.10.10"]
[SourceVersion "1"]
[SourceVersionDate "2023.10.10"]
[SourceQuality "1"]
[WhiteTeam "Bratislava Doprastav"]
[BlackTeam "Bratislava Slovan III"]
[WhiteTeamCountry "SVK"]
[BlackTeamCountry "SVK"]

1. e4 e6 2. b3 d5 3. Bb2 dxe4 4. Nc3 Nf6 5. Qe2 Nbd7 6. g4 h6 7. Nxe4 Nxe4 8. Qxe4 Nf6 9. Qg2 Qd5 10. Qxd5 Nxd5 11. 0-0-0 Nf6 12. Be2 Bd7 13. Bf3 0-0-0 14. h3 Bd6 15. Ne2 Rhe8 16. Ng3 c5 17. Rhg1 Bf8 18. d4 Bc6 19. Bxc6 bxc6 20. Ne2 Kb7 21. f3 1/2-1/2

[Event "SVK-chT2A 2223"]
[Site "Slovakia"]
[Date "2022.10.08"]
[Round "1.5"]
[White "Musaev, Matej Elbek"]
[Black "Csidey, Csongor"]
[Result "1-0"]
[WhiteElo "1977"]
[BlackElo "2078"]
[PlyCount "103"]
[EventDate "2022.10.08"]
[EventType "team-tourn"]
[EventRounds "11"]
[EventCountry "SVK"]
[SourceTitle "CBM 210 Extra"]
[Source "ChessBase"]
[SourceDate "2022.11.30"]
[SourceVersion "1"]
[SourceVersionDate "2022.11.30"]
[SourceQuality "1"]
[WhiteTeam "Piestany Kupele"]
[BlackTeam "Bratislava Doprastav II"]
[WhiteTeamCountry "SVK"]
[BlackTeamCountry "SVK"]

1. e4 c5 2. Nf3 g6 3. d4 cxd4 4. Nxd4 Bg7 5. Be3 Nf6 6. Nc3 Nc6 7. f3 0-0 8. Qd2 d5 9. Rd1 dxe4 10. Nxe4 Nxe4 11. fxe4 Qc7 12. c3 Rd8 13. Qf2 e5 14. Nxc6 Rxd1+ 15. Kxd1 Qxc6 16. Bd3 Be6 17. Bb1 f5 18. Kc1 f4 19. Bd2 Qa6 20. a3 g5 21. h3 Bc4 22. Re1 Rd8 23. Qf3 Bf8 24. Qg4 h6 25. Qf5 Qd6 26. Rd1 Be2 27. Ba2+ Kh8 28. Bd5 Bxd1 29. Kxd1 Bg7 30. c4 Qd7 31. Qg6 f3 32. gxf3 Qxh3 33. Bc3 Qxf3+ 34. Kc2 Qf6 35. Qh5 b6 36. Kb3 Kh7 37. Qh3 Re8 38. Qd7 Re7 39. Qc8 Qf8 40. Qh3 Qe8 41. Qf5+ Kh8 42. Bb4 Rc7 43. Bd6 Rc8 44. Bf7 Qd8 45. Be7 Qd3+ 46. Ka2 Rxc4 47. Be6 Rc6 48. Bd5 Qa6 49. Qd7 Rc8 50. Bd8 Kh7 51. Bf6 Kg6 52. Qf7+ 1-0

[Event "Level op-A 8th"]
[Site "Level"]
[Date "2022.09.11"]
[Round "7"]
[White "Csidey, Csongor"]
[Black "Margl, Roland"]
[Result "1/2-1/2"]
[WhiteElo "2039"]
[BlackElo "2312"]
[PlyCount "51"]
[EventDate "2022.09.09"]
[EventType "swiss"]
[EventRounds "7"]
[EventCountry "HUN"]
[SourceTitle "EXT 2023"]
[Source "ChessBase"]
[SourceDate "2022.10.05"]
[SourceVersion "1"]
[SourceVersionDate "2022.10.05"]
[SourceQuality "1"]

1. e4 c6 2. d4 d5 3. e5 Bf5 4. h4 h5 5. Bd3 Bxd3 6. Qxd3 Qa5+ 7. Nd2 e6 8. Ngf3 Ne7 9. 0-0 Nf5 10. Nb3 Qa6 11. Qd1 Be7 12. Bg5 Bxg5 13. hxg5 g6 14. Nc5 Qb6 15. Qd3 Qc7 16. c4 dxc4 17. Qxc4 Nd7 18. Rfd1 Nxc5 19. dxc5 b6 20. Rac1 0-0 21. cxb6 Qxb6 22. b3 Rfd8 23. Nd2 Rd4 24. Qc2 Rad8 25. Ne4 Qa5 26. Rxd4 1/2-1/2

[Event "HUN-chT2 Szechenyi 2122"]
[Site "Hungary"]
[Date "2021.12.19"]
[Round "4.5"]
[White "Csidey, Csongor"]
[Black "Bali, Adam"]
[Result "1/2-1/2"]
[WhiteElo "1958"]
[BlackElo "1940"]
[PlyCount "69"]
[EventDate "2021.10.10"]
[EventType "team-tourn"]
[EventRounds "9"]
[EventCountry "HUN"]
[SourceTitle "EXT 2025"]
[Source "ChessBase"]
[SourceDate "2024.10.14"]
[SourceVersion "1"]
[SourceVersionDate "2024.10.14"]
[SourceQuality "1"]
[WhiteTeam "Szechenyi ESE"]
[BlackTeam "Csuti Baki Agrocentrum"]
[WhiteTeamCountry "HUN"]
[BlackTeamCountry "HUN"]

1. e4 d6 2. d4 Nf6 3. Nc3 c6 4. a4 Bg4 5. Be2 Bxe2 6. Qxe2 e6 7. Nf3 d5 8. 0-0 Be7 9. Bf4 a6 10. h3 0-0 11. Bg5 Nxe4 12. Bxe7 Nxc3 13. bxc3 Qxe7 14. Rfb1 Rc8 15. Rb3 Ra7 16. a5 c5 17. c4 Nc6 18. cxd5 exd5 19. Re3 Qf8 20. dxc5 Qxc5 21. Ne5 Re8 22. Nxc6 Rxe3 23. Qxe3 Qxe3 24. fxe3 bxc6 25. Rb1 Kf8 26. Rb6 Ke7 27. Rxc6 Kd7 28. Rb6 Rc7 29. Rxa6 Rxc2 30. Kf1 h5 31. h4 Rc4 32. g3 d4 33. exd4 Rxd4 34. Kg2 Ra4 35. Kf3 1/2-1/2

[Event "HUN-ch U16"]
[Site "Eger"]
[Date "2021.08.26"]
[Round "5"]
[White "Csidey, Csongor"]
[Black "Defend, Balint"]
[Result "1-0"]
[WhiteElo "1924"]
[BlackElo "1600"]
[PlyCount "47"]
[EventDate "2021.08.20"]
[EventType "swiss"]
[EventRounds "7"]
[EventCountry "HUN"]
[SourceTitle "EXT 2022"]
[Source "ChessBase"]
[SourceDate "2021.10.06"]
[SourceVersion "1"]
[SourceVersionDate "2021.10.06"]
[SourceQuality "1"]

1. e4 e5 2. Nf3 Nf6 3. Nc3 Nc6 4. d4 exd4 5. Nxd4 Bb4 6. Nxc6 bxc6 7. Qd4 Qe7 8. f3 Bc5 9. Qd3 h6 10. Bf4 d5 11. 0-0-0 Be6 12. e5 Nd7 13. Bg3 a5 14. f4 a4 15. a3 Nb6 16. Qf3 0-0 17. Bd3 d4 18. Ne4 Nc4 19. Nf6+ gxf6 20. Bh4 Ne3 21. Bxf6 Bg4 22. Qg3 Qe6 23. Qh4 Nf5 24. Qxg4+ 1-0

[Event "HUN-ch U16"]
[Site "Eger"]
[Date "2021.08.24"]
[Round "3"]
[White "Csidey, Csongor"]
[Black "Szalay Ocsak, Bank"]
[Result "1/2-1/2"]
[WhiteElo "1924"]
[BlackElo "2070"]
[PlyCount "93"]
[EventDate "2021.08.20"]
[EventType "swiss"]
[EventRounds "7"]
[EventCountry "HUN"]
[SourceTitle "EXT 2022"]
[Source "ChessBase"]
[SourceDate "2021.10.06"]
[SourceVersion "1"]
[SourceVersionDate "2021.10.06"]
[SourceQuality "1"]

1. e4 c6 2. Nc3 d5 3. Nf3 Nf6 4. e5 Ne4 5. Ne2 Qb6 6. d4 e6 7. Ng3 c5 8. Bd3 Nxg3 9. fxg3 cxd4 10. 0-0 Nc6 11. g4 Bd7 12. Qe1 0-0-0 13. Ng5 Nxe5 14. Qxe5 f6 15. Rxf6 Bd6 16. Rxe6 Bxe5 17. Rxb6 axb6 18. Nf7 Rde8 19. Nxh8 Rxh8 20. g5 g6 21. Bd2 Rf8 22. h3 Kc7 23. Rf1 Rxf1+ 24. Kxf1 Kd6 25. Kf2 Ke6 26. Kf3 Bc6 27. h4 Be8 28. g3 Bd6 29. Bf4 Be5 30. Bf1 Ba4 31. b3 Bc6 32. Bh3+ Kd6 33. Bc8 b5 34. b4 b6 35. a3 Be8 36. Bd2 Bd7 37. Bxd7 Kxd7 38. Be1 Ke6 39. g4 Kd6 40. Ke2 Ke6 41. Kd2 Bf4+ 42. Kd3 Be5 43. Bf2 Kd6 44. Kd2 Bf4+ 45. Ke2 Be5 46. Kd1 Bg7 47. Ke2 1/2-1/2

[Event "Gyor Amateur op 19th"]
[Site "Gyor"]
[Date "2019.12.29"]
[Round "5"]
[White "Csidey, Csongor"]
[Black "Bognar, Ferenc Mate"]
[Result "1-0"]
[WhiteElo "1828"]
[BlackElo "1389"]
[PlyCount "93"]
[EventDate "2019.12.28"]
[EventType "swiss"]
[EventRounds "5"]
[EventCountry "HUN"]
[SourceTitle "CBM 195 Extra"]
[Source "ChessBase"]
[SourceDate "2020.05.31"]
[SourceVersion "1"]
[SourceVersionDate "2020.05.31"]
[SourceQuality "1"]

1. e4 e5 2. Nf3 Nf6 3. Nc3 Bb4 4. Bc4 Bxc3 5. bxc3 d6 6. d3 0-0 7. h3 h6 8. 0-0 Be6 9. Bxe6 fxe6 10. Rb1 b6 11. c4 Nc6 12. Bb2 Nh7 13. Qd2 Rxf3 14. gxf3 Qh4 15. Kg2 Ng5 16. Rh1 Rf8 17. Qe2 Rxf3 18. Qxf3 Nxf3 19. Kxf3 Qf4+ 20. Ke2 Nd4+ 21. Bxd4 exd4 22. Rbg1 Qe5 23. Rg4 g5 24. f4 Qf6 25. fxg5 hxg5 26. h4 Qh6 27. Rxg5+ Kf7 28. Rf1+ Ke7 29. Rf4 e5 30. Rfg4 Kf6 31. Kf3 c6 32. Rg6+ Qxg6 33. Rxg6+ Kxg6 34. Kg4 Kf6 35. h5 a6 36. h6 b5 37. h7 Kg7 38. Kf5 Kxh7 39. c5 dxc5 40. Kxe5 a5 41. Kd6 c4 42. e5 cxd3 43. cxd3 b4 44. e6 a4 45. e7 b3 46. axb3 axb3 47. e8Q 1-0

[Event "HUN-ch U14"]
[Site "Balatonlelle"]
[Date "2019.06.24"]
[Round "4"]
[White "Bilku, Andras"]
[Black "Csidey, Csongor"]
[Result "1/2-1/2"]
[WhiteElo "1907"]
[BlackElo "1708"]
[PlyCount "84"]
[EventDate "2019.06.21"]
[EventType "swiss"]
[EventRounds "9"]
[EventCountry "HUN"]
[SourceTitle "CBM 191 Extra"]
[Source "ChessBase"]
[SourceDate "2019.09.30"]
[SourceVersion "1"]
[SourceVersionDate "2019.09.30"]
[SourceQuality "1"]

1. d4 Nf6 2. c4 e6 3. Nc3 d5 4. cxd5 exd5 5. Bg5 c6 6. Qc2 h6 7. Bh4 Be6 8. e3 Be7 9. Bd3 Nbd7 10. Nf3 0-0 11. h3 Re8 12. 0-0 Qc7 13. Bg3 Qd8 14. Ne5 Nxe5 15. dxe5 Nd7 16. f4 Nc5 17. Rad1 Nxd3 18. Qxd3 g6 19. Bh2 h5 20. Qe2 h4 21. Kh1 Kg7 22. e4 Qc8 23. Qf2 dxe4 24. Nxe4 Bxa2 25. Nf6 Rh8 26. Rd7 Bxf6 27. exf6+ Kg8 28. Qd4 Bd5 29. Re7 Qxh3 30. Qxd5 Qxh2+ 31. Kxh2 cxd5 32. f5 g5 33. Kh3 Rh6 34. Kg4 Rxf6 35. Rxb7 Rb6 36. Rxb6 axb6 37. Kxg5 Ra4 38. Rd1 Rb4 39. Rd2 Kg7 40. f6+ Kh7 41. Kh5 Rf4 42. Kg5 Rb4 1/2-1/2

[Event "HUN-ch U14"]
[Site "Balatonlelle"]
[Date "2019.06.22"]
[Round "2"]
[White "Csidey, Csongor"]
[Black "Kozsik, Bende Barnabas"]
[Result "0-1"]
[WhiteElo "1708"]
[BlackElo "2089"]
[PlyCount "88"]
[EventDate "2019.06.21"]
[EventType "swiss"]
[EventRounds "9"]
[EventCountry "HUN"]
[SourceTitle "CBM 191 Extra"]
[Source "ChessBase"]
[SourceDate "2019.09.30"]
[SourceVersion "1"]
[SourceVersionDate "2019.09.30"]
[SourceQuality "1"]

1. e4 c5 2. c4 Nc6 3. Nc3 g6 4. g3 Bg7 5. Bg2 d6 6. Nge2 h5 7. h4 Nh6 8. 0-0 0-0 9. Nf4 Nd4 10. d3 Kh7 11. Nce2 Bg4 12. f3 Bd7 13. Be3 Rb8 14. Nxd4 cxd4 15. Bf2 b5 16. b3 e5 17. Nd5 f5 18. Rc1 Be6 19. Bh3 bxc4 20. bxc4 Bxd5 21. cxd5 Bf6 22. Qa4 Rb7 23. Rc6 f4 24. Rfc1 fxg3 25. Bxg3 Bxh4 26. Bxh4 Qxh4 27. Bg2 Rbf7 28. Qa3 Rxf3 29. Bxf3 Rxf3 30. Rc7+ Nf7 31. Qb2 Rg3+ 32. Qg2 Rxg2+ 33. Kxg2 Qg4+ 34. Kf2 Qf4+ 35. Ke2 Kh6 36. Rf1 Qg4+ 37. Ke1 Qg3+ 38. Kd2 Qe3+ 39. Kd1 Qxd3+ 40. Ke1 Qxe4+ 41. Kd2 Qe3+ 42. Kd1 Ng5 43. a4 Ne4 44. Rc2 d3 0-1

[Event "Gyor Amateur op 17th"]
[Site "Gyor"]
[Date "2019.05.25"]
[Round "2"]
[White "Csidey, Csongor"]
[Black "Steiner, Botond"]
[Result "1-0"]
[WhiteElo "1675"]
[BlackElo "1304"]
[PlyCount "81"]
[EventDate "2019.05.25"]
[EventType "swiss"]
[EventRounds "5"]
[EventCountry "HUN"]
[SourceTitle "EXT 2020"]
[Source "ChessBase"]
[SourceDate "2019.10.17"]
[SourceVersion "1"]
[SourceVersionDate "2019.10.17"]
[SourceQuality "1"]

1. e4 c5 2. c4 g6 3. Nc3 Nc6 4. g3 Bg7 5. Bg2 e5 6. Nge2 Nf6 7. 0-0 0-0 8. a3 d6 9. Rb1 b6 10. b4 Be6 11. d3 Rb8 12. Bg5 Qd7 13. Nd5 Bxd5 14. exd5 Nd4 15. Nxd4 exd4 16. Qf3 Qg4 17. Qxg4 Nxg4 18. Be7 Rfe8 19. Bxd6 Ra8 20. bxc5 bxc5 21. Bxc5 a6 22. Rfe1 Rxe1+ 23. Rxe1 h5 24. d6 Rd8 25. Bc6 Ne5 26. Rxe5 Bxe5 27. d7 Bf6 28. Bb6 Rb8 29. Bc7 Rf8 30. Bb7 Kg7 31. c5 Bd8 32. Bxd8 Rxd8 33. c6 Kf8 34. c7 Rxd7 35. c8Q+ Ke7 36. Bc6 Ra7 37. Qe8+ Kd6 38. Qb8+ Kxc6 39. Qxa7 Kb5 40. Qb7+ Ka5 41. Qb4# 1-0

[Event "Gyor Amateur op 17th"]
[Site "Gyor"]
[Date "2019.05.25"]
[Round "3"]
[White "Nemeth, Zoltan1"]
[Black "Csidey, Csongor"]
[Result "0-1"]
[WhiteElo "1308"]
[BlackElo "1675"]
[PlyCount "76"]
[EventDate "2019.05.25"]
[EventType "swiss"]
[EventRounds "5"]
[EventCountry "HUN"]
[SourceTitle "EXT 2020"]
[Source "ChessBase"]
[SourceDate "2019.10.17"]
[SourceVersion "1"]
[SourceVersionDate "2019.10.17"]
[SourceQuality "1"]

1. e4 c5 2. Nf3 g6 3. d4 cxd4 4. Nxd4 Nc6 5. Nc3 Bg7 6. Be3 Nf6 7. Bd3 0-0 8. f4 d6 9. h3 Qc7 10. Qd2 Nd7 11. f5 Nxd4 12. fxg6 hxg6 13. 0-0-0 Nc5 14. Bh6 Nxd3+ 15. cxd3 Ne2+ 16. Kb1 Nxc3+ 17. bxc3 Bxh6 18. Qxh6 Qxc3 19. Rhf1 Qg7 20. Qh4 Re8 21. Rf2 Be6 22. Rc1 Rac8 23. Rfc2 Qf6 24. Qh6 Rxc2 25. Rxc2 Rc8 26. Rxc8+ Bxc8 27. Qc1 Qe6 28. Qc2 Qd7 29. Ka1 Qc6 30. Qb2 b6 31. Kb1 Ba6 32. Qb3 Qb5 33. Qxb5 Bxb5 34. Kc2 d5 35. Kc3 Kg7 36. g4 Kh6 37. h4 g5 38. h5 Bd7 0-1

[Event "HUN-chT4a 1819"]
[Site "Hungary"]
[Date "2019.03.30"]
[Round "9.4"]
[White "Csidey, Csongor"]
[Black "Salgovic, Simon"]
[Result "1/2-1/2"]
[WhiteElo "1617"]
[BlackElo "1855"]
[PlyCount "22"]
[EventDate "2018.10.06"]
[EventType "team-tourn"]
[EventRounds "9"]
[EventCountry "HUN"]
[SourceTitle "EXT 2020"]
[Source "ChessBase"]
[SourceDate "2019.10.17"]
[SourceVersion "1"]
[SourceVersionDate "2019.10.17"]
[SourceQuality "1"]
[WhiteTeam "Gyor Szimultan"]
[BlackTeam "Mosonmagyarovar Feher"]
[WhiteTeamCountry "HUN"]
[BlackTeamCountry "HUN"]

1. e4 d5 2. exd5 Qxd5 3. Nc3 Qa5 4. d4 Nf6 5. Nf3 Nc6 6. Bd2 a6 7. a4 Qh5 8. Bf4 Qa5 9. Bc4 e6 10. 0-0 Be7 11. Ne2 Bd6 1/2-1/2

[Event "HUN-chT2 Charousek 1819"]
[Site "Hungary"]
[Date "2019.02.10"]
[Round "7.11"]
[White "Csidey, Csongor"]
[Black "Parragi, Istvan"]
[Result "0-1"]
[WhiteElo "1481"]
[BlackElo "2038"]
[PlyCount "86"]
[EventDate "2018.09.23"]
[EventType "team-tourn"]
[EventRounds "11"]
[EventCountry "HUN"]
[SourceTitle "CBM 189 Extra"]
[Source "ChessBase"]
[SourceDate "2019.05.31"]
[SourceVersion "1"]
[SourceVersionDate "2019.05.31"]
[SourceQuality "1"]
[WhiteTeam "Gyor Szechenyi"]
[BlackTeam "Szentgotthard Alsoszolnok"]
[WhiteTeamCountry "HUN"]
[BlackTeamCountry "HUN"]

1. e4 c5 2. Nf3 e6 3. d4 cxd4 4. Nxd4 a6 5. a3 Nf6 6. Nc3 Qc7 7. Be2 Bc5 8. Be3 h5 9. 0-0 d6 10. h3 e5 11. Nf5 Bxf5 12. Bxc5 Qxc5 13. exf5 Nbd7 14. Bf3 0-0-0 15. Na4 Qc7 16. c4 e4 17. Be2 Kb8 18. b4 Nb6 19. Qb3 Rhe8 20. Rfc1 Nxa4 21. Qxa4 Re5 22. b5 a5 23. b6 Qc6 24. Qxc6 bxc6 25. g4 Nd7 26. Rab1 Kb7 27. Rc2 Nc5 28. Kg2 hxg4 29. hxg4 g6 30. fxg6 fxg6 31. Rc3 Ne6 32. Kg3 g5 33. Rh1 Rd7 34. Rh8 Nf4 35. Bf1 Rde7 36. c5 Rxc5 37. Rb3 Nd5 38. Ba6+ Kxa6 39. Ra8+ Kb7 40. Ra7+ Kb8 41. b7 Nc7 42. a4 Re8 43. Rb6 Kxa7 0-1

[Event "HUN-chT4a 1819"]
[Site "Hungary"]
[Date "2019.02.09"]
[Round "8.2"]
[White "Horvath, Tibor"]
[Black "Csidey, Csongor"]
[Result "0-1"]
[WhiteElo "1877"]
[BlackElo "1607"]
[PlyCount "48"]
[EventDate "2018.10.06"]
[EventType "team-tourn"]
[EventRounds "9"]
[EventCountry "HUN"]
[SourceTitle "EXT 2020"]
[Source "ChessBase"]
[SourceDate "2019.10.17"]
[SourceVersion "1"]
[SourceVersionDate "2019.10.17"]
[SourceQuality "1"]
[WhiteTeam "KSE Level"]
[BlackTeam "Gyor Szimultan"]
[WhiteTeamCountry "HUN"]
[BlackTeamCountry "HUN"]

1. d4 Nf6 2. Nc3 d5 3. Bf4 e6 4. Nb5 Na6 5. Nf3 c6 6. Nc3 Bb4 7. a3 Bxc3+ 8. bxc3 Ne4 9. Bd2 c5 10. Qb1 Qa5 11. e3 c4 12. Qb2 Bd7 13. Ne5 Nd6 14. Nxd7 Kxd7 15. f3 Rac8 16. Be2 Rc6 17. a4 Nc7 18. 0-0 Rb6 19. Qa3 Rc8 20. e4 Nce8 21. e5 Nf5 22. Qf8 Ned6 23. Qxc8+ Nxc8 24. Rf2 Nxd4 0-1

[Event "HUN-chT2 Szechenyi 1819"]
[Site "Hungary"]
[Date "2019.01.27"]
[Round "4.12"]
[White "Csidey, Csongor"]
[Black "Vilics, Hanna"]
[Result "1-0"]
[WhiteElo "1444"]
[BlackElo "1262"]
[PlyCount "73"]
[EventDate "2018.10.28"]
[EventType "team-tourn"]
[EventRounds "9"]
[EventCountry "HUN"]
[SourceTitle "EXT 2021"]
[Source "ChessBase"]
[SourceDate "2020.10.23"]
[SourceVersion "1"]
[SourceVersionDate "2020.10.23"]
[SourceQuality "1"]
[WhiteTeam "Gyor Szechenyi II"]
[BlackTeam "Haladas Szombathely III"]
[WhiteTeamCountry "HUN"]
[BlackTeamCountry "HUN"]

1. e4 d5 2. exd5 Qxd5 3. Nc3 Qa5 4. d4 c6 5. Bd2 Qb6 6. Bc1 Nf6 7. Nf3 Bf5 8. Bd3 Bxd3 9. Qxd3 e6 10. 0-0 Bd6 11. b3 0-0 12. Na4 Qc7 13. c4 Rd8 14. Bg5 Nbd7 15. Rac1 h6 16. Bh4 Bf4 17. Bg3 Bxg3 18. fxg3 b6 19. Rcd1 Rac8 20. Nc3 Nc5 21. Qe2 Nb7 22. Ne4 Nxe4 23. Qxe4 Nd6 24. Qe2 Nf5 25. g4 Nd6 26. g5 Nf5 27. g4 Nd6 28. gxh6 gxh6 29. Qe3 Kf8 30. Qxh6+ Ke7 31. Qg5+ Kf8 32. Ne5 Rb8 33. c5 Rd7 34. Nxd7+ Qxd7 35. cxd6 Qxd6 36. Qf6 Qd8 37. Qxf7# 1-0